000 00319nam a22001337a 4500
008 170923b xxu||||| |||| 00| 0 eng d
020 _a9780807738849
041 _aeng
080 _a37
100 _a46
101 _aEDU
245 _aFIGHTING TO SAVE OUR URBAN SCHOOL...AND WINNING!
_cMCADAMS, D.R
942 _2udc
_cBK
999 _c29305
_d29305